Password 6 (Registro nro. 25200)

Detalles MARC
000 -CABECERA
Longitud fija campo de control 00761nam a2200217 a 4500
003 - • IDENTIFICADOR DELl NÚMERO DE CONTROL
Identificador del número de control CO-ViMGA
008 - • CÓDIGOS DE INFORMACIÓN DE LONGITUD FIJA
Códigos de información de longitud fija 141112s2004 ck r 000 u spa d
020 ## - • NÚMERO INTERNACIONAL NORMALIZADO PARA LIBROS
Número Internacional Normalizado para Libros (ISBN) 9586007235
040 ## - FUENTE DE LA CATALOGACIÓN
Centro catalogador de origen CO-ViMGA
Lengua de catalogación spa
Centro transcriptor CO-ViMGA
082 04 - • NÚMERO DE LA CLASIFICACIÓN DECIMAL DEWEY
Número de clasificación (R) MEVIECAR.6404 T495p 6
100 1# - • PUNTO DE ACCESO PRINCIPAL-NOMBRE DE PERSONA
Nombre de persona Tiznado Santana, Marco Antonio
245 10 - • TITULO PROPIAMENTE DICHO
Título Password 6
300 ## - • DESCRIPCIÓN FÍSICA
Extensión 188.p.il.
500 ## - • NOTA GENERAL
Nota general CONTIENE DISKET .
505 ## - • NOTA DE CONTENIDO CON FORMATO
Nota de contenido con formato El computador y sus partes. - DOS. - Archivos y directorios. - Windows3.1. - Administrador de archivos. - Accesorios de windows 3.1. - Windows 95. - Explorador de windows. - Herramientas de Multimedia. Password 6
650 14 - • PUNTO DE ACCESO ADICIONAL DE MATERIA - TÉRMINO DE MATERIA
Término de materia o nombre geográfico como elemento inicial COMPUTACION
650 14 - • PUNTO DE ACCESO ADICIONAL DE MATERIA - TÉRMINO DE MATERIA
Término de materia o nombre geográfico como elemento inicial INFORMATICA
942 ## - ENTRADA DE ELEMENTOS AGREGADOS (KOHA)
Fuente de clasificaión o esquema Dewey Decimal Classification
Koha [por defecto] tipo de item LIbro

No hay ítems disponibles.










Instituto Departamental de Cultura del Meta - Red Departamental de Bibliotecas Públicas del Meta.